| 000 | 00517cam a2200193ua 4500 | ||
|---|---|---|---|
| 001 | 10392 | ||
| 008 | 190403n ii |||gr||||Z||||||hin | ||
| 020 | _a9788120828797 | ||
| 040 | _cMAIN | ||
| 041 | _ahin | ||
| 082 | _a491.2 | ||
| 100 |
_aDhruba Kumari Chaudhury, _eAuthor., |
||
| 245 |
_aSanskritgyannidhi (H) _cBy Rambilash Chaudhury |
||
| 250 | _a1st ed. | ||
| 260 |
_aDelhi: _bMotilal Benarasidas, _c2016. |
||
| 653 | _aSanskrit language, grammar etc. | ||
| 700 |
_aRambilash Chaudhury, _eAuthor. |
||
| 942 | _cBK | ||
| 999 |
_c9381 _d9381 |
||